000 00469nam a2200133Ia 4500
008 151001s9999||||xx |||||||||||||| ||und||
100 _aलक्ष्मशास्त्री जोशी
245 _aमराठी विश्वकोष
250 _a1
260 _bमहाराष्ट्र राज्य साहित्य संस्कुती मंडळ मुंबई
260 _c1987
300 _a1328
365 _b30
999 _c967041
_d967038